Podmínky pro obchodování a investování v Polské republice
Gespeichert in:
| 1. Verfasser: | |
|---|---|
| Format: | Buch |
| Sprache: | Tschechisch |
| Veröffentlicht: |
Praha
Centrum vnějších ekonomických vztahů
1993
|
| Ausgabe: | 1. vyd. |
| Schriftenreihe: | Ekonomická studie
č.11 |
| Schlagworte: | |
| Tags: |
Keine Tags, Fügen Sie das erste Tag hinzu!
|
MARC
| LEADER | 00000nam a2200000 4500 | ||
|---|---|---|---|
| 001 | c003042 | ||
| 005 | 20221214082613.4 | ||
| 041 | 0 | |a cze | |
| 044 | |a CZ | ||
| 245 | 1 | 0 | |a Podmínky pro obchodování a investování v Polské republice |c Ludmila Stránská |
| 250 | |a 1. vyd. | ||
| 264 | 1 | |a Praha |b Centrum vnějších ekonomických vztahů |c 1993 | |
| 300 | |a 23 s. | ||
| 490 | 1 | |a Ekonomická studie |v č.11 | |
| 830 | 0 | |a Ekonomická studie |v č.11 | |
| 610 | 2 | 0 | |a Poľsko |
| 610 | 2 | 0 | |a Česko |
| 610 | 2 | 0 | |a obchod zahraničný |
| 610 | 2 | 0 | |a podmienky obchodné |
| 610 | 2 | 0 | |a dovoz |
| 610 | 2 | 0 | |a investície zahraničné |
| 610 | 2 | 0 | |a dane |
| 610 | 2 | 0 | |a clá dovozné |
| 100 | 1 | |a Stránská, Ludmila | |